| 000 | 00988nas a2200337 4500 | ||
|---|---|---|---|
| 001 | BR0304538 | ||
| 003 | BR-BrBNA | ||
| 005 | 20231205104045.0 | ||
| 007 | ta | ||
| 008 | 230509b bl.|||p| |||| 00| 00por d | ||
| 040 |
_aBR-BrBNA _bpor _cBiblioteca Nacional de Agricultura |
||
| 041 | _a(En) | ||
| 072 | _aF30 | ||
| 100 | 1 | _aClement, C.R. | |
| 100 | 1 | _aSousa, N.R. | |
| 100 | 1 | _aRodrigues, D.P. | |
| 100 | 1 | _aAstolfi-Filho, S. | |
| 100 | 1 | _aMoreno, Y.N. | |
| 100 | 1 | _aPascual, V.T. | |
| 100 | 1 | _aRodríguez, F.J.G. | |
| 245 | 1 | _aUse of AFLPS to distinguish landraces of pejibaye (Bactris gasipaes)in Brazilian Amazonia | |
| 650 | _aPUPUNHA | ||
| 650 | _aGENÉTICA VEGETAL | ||
| 650 | _aMARCADOR MOLECULAR | ||
| 650 | _aRECURSO GENÉTICO | ||
| 650 | _aVARIEDADE | ||
| 650 | _aAMAZÔNIA | ||
| 773 | 0 |
_tScientia Agrícola (Brazil) _xISSN 0103-9016 _g(Oct-Dec 2002), v. 59(4) p. 749-753 _wBR0304538 |
|
| 909 |
_a202311 _bLúcia _c55 _dLúcia Elande |
||
| 942 |
_2AGRIS _n0 _cANA |
||
| 999 |
_c176115 _d176115 |
||